00943cam a2200205 a 4500001000800000005001700008008004100025040001800066082002100084245013300105260008400238300001800322500022100340650001400561650002300575700002700598942000600625952009300631999001300724397595820240228042314.0941201s1993 ce 100 0 eng  aDLCcDLCdDLC 222a321.8.bPRO.00aProblems of democracy, constitutionalism and political violence :bGerman-Sri Lankan Consultations /cedited by Ulrich Everding. aColombo, Sri Lanka :bPublished by Goethe-Institut, Law & Society Trust,c1993. avii, 147 p. ; a"The present publication is the sequel to a meeting of German and Sri Lankan specialists that was organized jointly by the Goethe-Institut, Colombo, the Law and Society Trust and the University of Colombo"--Foreword. 0aDemocracy 0aPolitical violence1 aEverding, Ulrich.eedt cL 001040708LaWERCLbWERCLd2024-02-28l0o321.8. PRO.p3514r2024-02-28w2024-02-28yL c512d512